| 000 | 01135cab a2200289 4500 | ||
|---|---|---|---|
| 001 | X3475 | ||
| 008 | 090401t1996 xxu||||| |||| 00| 0 eng d | ||
| 035 | _a(Sirsi) u30741 | ||
| 041 | _aeng | ||
| 245 | _aSouth Australia Asset Management Corporation V York Montague Ltd; United Bank of Kuwait v Prudential; v Edward Erdman | ||
| 260 | _c1996 | ||
| 350 | _a0 | ||
| 490 |
_aNew Property Cases _v[1996] NPC 100 (3) |
||
| 520 | _aHL 20 June 1996. A valuer is asked only to provide information as the current value of property for the purposes of a loan is liable, if wrong, only for the difference between the true value at that date and the valuation. (HEADNOTE FROM JOURNAL) - NOT TO BE PHOTOCOPIED. | ||
| 650 | _aDAMAGES | ||
| 650 | _aLENDERS | ||
| 650 | _aLIABILITY | ||
| 650 | _aLOSSES | ||
| 650 | _aNEGLIGENCE | ||
| 650 | _aNYEKREDIT V EDWARD ERDMAN | ||
| 650 | _aOVERVALUATION | ||
| 650 | _aSOUTH AUSTRALIA ASSET MANAGEMENT CORPORATION V YORK MONTAGUE LTD | ||
| 650 | _aUNITED BANK OF KUWAIT V PRUDENTIAL | ||
| 690 | _aMANAGEMENT-BUSINESS MANAGEMENT-PROFESSIONAL PRACTICE | ||
| 942 | _n0 | ||
| 948 | _c04/03/1997 | ||
| 999 |
_c20719 _d20719 |
||